• 首页
  • 本馆介绍
  • 公告通知
  • 最新文献
  • 馆藏检索
  • 电子资源
  • 读者导购
  • 参考咨询
  • 我的图书馆
  • 登录
  • 详细信息显示
  • 放入我的书架
  • 预约/预借图书
  • 作者相关作品
  • 分类相关作品
  • 丛书相关作品
  • 出版社相关作品

书目信息

  • 表格格式
  • 工作单格式
  • 卡片格式
题名:
平面三角学
    
 
作者: 海涅曼 , Heineman 著 ;白柯 译
分册:  
出版信息: 北京   科学出版社  1983
页数: 301页
开本: 19cm
丛书名:
单 册:
中图分类: O124.1
科图分类:
主题词: 平面三角--理论
电子资源:
ISBN:
000 00718nam0 2200265 45
001 0183012190
005 20040701154117.8
010    @dCNY1.25
091    @a13031.2149
100    @a19950724d1983 em y0chiy0121 ea
101 1  @achi@ceng
102    @aCN@b110000
105    @ay z 000yy
106    @ar
200 10 @a平面三角学@Aping mian san jiao xue@f(美)海涅曼(E.R.Heineman)著@g白柯译
210    @a北京@c科学出版社@d1983
215    @a301页@d19cm
606    @a平面三角@x理论
690    @aO124.1@v3
701  1 @a海涅曼@Ahai nie man@bE.R.@4著
701 A1 @aHeineman@bE.R.@4著
702  0 @a白柯@Abai ke@4译
801  0 @aCN@b上海图书馆@c20040518
801  2 @aCN@bNLC@c20040518
905    @dO124.1@e1@f1@b80892
    
    平面三角学/(美)海涅曼(E.R.Heineman)著/白柯译.-北京:科学出版社,1983
    301页;19cm
    
    
    ISBN :CNY1.25
    
●
相关链接 在E读中查询图书 在五车中查询图书 在当当中查询图书 在豆瓣中查询图书


正题名:平面三角学     索取号:O124.1/1         预约/预借

序号 登录号 条形码 馆藏地/架位号 状态 备注
1 0080889   001242514   第三借阅区/ [索取号:O124.1/1] 在馆    
2 0080890   001242523   第三借阅区/ [索取号:O124.1/1] 在馆    
3 0080891   001242541   第三借阅区/ [索取号:O124.1/1] 在馆    
4 0080892   001941439   第三借阅区/ [索取号:O124.1/1] 在馆    
5 0080893   001242550   第二样本阅览室/ [索取号:O124.1/1] 在馆    
唐山师范学院图书馆 欢迎您!
大连网信软件有限公司© 版权所有